000 00443nam a2200157Ia 4500
003 IQ-KOUCL
041 _aKurdish
082 _a491,3 cut-944 ي
100 _a20260118u\\\\\\\\\\\y0engy0103\\\\ba
100 _aلیژنەى فەرهەنگ
245 0 _aفەرهەنگى هەڕاشان ١ کوردى - کوردى
250 _aچ1
260 _bجابخابەى دەزگاى ئاراس
_aهەولیر
_c2007
300 _a336
942 _cBk
999 _c186761
_d186761